000 00766nam a2200253 i 4500
003 DO-SdBNP
005 20240619114241.0
007 ta
008 240619s2006 dr 000 j spa d
020 _a9993462438
040 _aDO-SdBNP
_bspa
_cBNPHU
_erda
082 _bC843
_222
100 _aCot, Carmen
_933788
_eautora
245 1 0 _aUn paso a la vez = Un pas á la fois /
_cCarmen Cot
264 1 _aSanto Domingo :
_bUniversitaria,
_c2006.
300 _a49 páginas,
_c20 cm.
336 _2rdacontent
_atexto
_btxt
337 _2rdamedia
_asin mediación
_bn
338 _2rdacarrier
_avolumen
_bnc
490 1 _aPublicaciones de la Universidad Autónoma de Santo Domingo
_v1275
590 _aInventariado, 2024/ YL
910 _aYLockward
942 _2ddc
_cLF2
999 _c56895
_d56895